000
00412nam a22001337a 4500
003
SGT
020
_a
9788178312439
082
_a
080
_b
J10Y
100
_a
यादव, शरद
245
_a
जातिवार जनगणना : संसद समाज और मीडिया
260
_b
मानक पब्लिकेशंस प्रा. लि.
_c
2010
300
_a
224
942
_2
ddc
_c
BK
999
_c
31545
_d
31545